Máquinas eléctricas

Uloženo v:
Podrobná bibliografie
Hlavní autor: Fraile Mora, Jesús (Autor)
Médium: Kniha
Jazyk:španělština
Vydáno: Madrid McGraw Hill 2008
Vydání:6a. ed
Témata:
Tagy: Přidat tag
Žádné tagy, Buďte první, kdo vytvoří štítek k tomuto záznamu!

MARC

LEADER 00000cam a2200000 a 4500
001 UCH4438
003 CL-VaPUC
008 090820e20080000SP |||||||||||||||||spa|d
020 |a 9788448161125 
082 0 4 |a 621.313  |b FRA  |2 21 
100 0 |a Fraile Mora, Jesús  |e author  |9 539963 
245 1 0 |a Máquinas eléctricas 
250 |a 6a. ed 
300 |a 809 p 
942 |c BK 
945 |d 20090820 00:00:00  |a rbrito 
260 |a Madrid  |b McGraw Hill  |c 2008 
650 0 |a Máquinas eléctricas  |9 260079 
650 0 |a Circuitos eléctricos   |9 260262 
650 0 |a Transformadores eléctricos   |9 263198 
650 0 |a Motores eléctricos   |9 260085 
650 0 |a Corriente alterna   |9 260070 
650 0 |a Corriente continua   |9 260069 
583 |a last modification  |c 20120830 09:58:39  |k Rodrigo Vera 
999 |c 335761  |d 335759 
952 |0 0  |1 0  |2 ddc  |4 0  |6 621_313000000000000_FRA_2008  |7 0  |8 A  |9 426438  |a BIBING  |b BIBING  |c RES  |d 2019-11-22  |i 4590732  |l 6  |m 2  |o 621.313 FRA 2008  |p 4590732  |r 2025-05-06  |s 2025-04-30  |w 2019-11-22  |y BK  |k EIE 
952 |0 0  |1 0  |2 ddc  |4 0  |6 621_313000000000000_FRA_2008  |7 0  |8 A  |9 426439  |a BIBING  |b BIBING  |c RES  |d 2019-11-22  |i 4590740  |l 13  |m 2  |o 621.313 FRA 2008  |p 4590740  |r 2025-01-20  |s 2024-10-01  |w 2019-11-22  |y BK  |k EIE 
952 |0 0  |1 0  |2 ddc  |4 0  |6 621_313000000000000_FRA_2008  |7 0  |8 A  |9 426440  |a BIBING  |b BIBING  |c RES  |d 2019-11-22  |i 4590759  |l 8  |m 4  |o 621.313 FRA 2008  |p 4590759  |r 2025-01-20  |s 2024-11-22  |w 2019-11-22  |y BK  |k EIE 
952 |0 0  |1 0  |2 ddc  |4 0  |6 621_313000000000000_FRA_2008  |7 0  |8 A  |9 426441  |a BIBING  |b BIBING  |c RES  |d 2019-11-22  |i 4590767  |l 13  |m 3  |o 621.313 FRA 2008  |p 4590767  |r 2025-04-14  |s 2025-03-31  |w 2019-11-22  |y BK  |k EIE 
952 |0 0  |1 0  |2 ddc  |4 0  |6 621_313000000000000_FRA_2008  |7 0  |8 A  |9 426442  |a BIBING  |b BIBING  |c RES  |d 2019-11-22  |i 4590775  |l 2  |m 1  |o 621.313 FRA 2008  |p 4590775  |r 2025-01-20  |s 2024-04-11  |w 2019-11-22  |y BK  |k EIE 
952 |0 0  |1 0  |2 ddc  |4 0  |6 621_313000000000000_FRA_2008  |7 0  |8 A  |9 426443  |a BIBING  |b BIBING  |c RES  |d 2019-11-22  |i 4590783  |l 4  |m 2  |o 621.313 FRA 2008  |p 4590783  |r 2025-01-20  |s 2023-11-13  |w 2019-11-22  |y BK  |k EIE 
952 |0 0  |1 0  |2 ddc  |4 0  |6 621_313000000000000_FRA_2008  |7 0  |8 A  |9 426444  |a BIBING  |b BIBING  |c RES  |d 2019-11-22  |i 4590791  |l 11  |m 2  |o 621.313 FRA 2008  |p 4590791  |r 2025-01-20  |s 2024-11-29  |w 2019-11-22  |y BK  |k EIE 
952 |0 0  |1 0  |2 ddc  |4 0  |6 621_313000000000000_FRA_2008  |7 0  |8 A  |9 426445  |a BIBING  |b BIBING  |c RES  |d 2019-11-22  |i 4590805  |l 8  |m 3  |o 621.313 FRA 2008  |p 4590805  |r 2025-01-20  |s 2024-08-13  |w 2019-11-22  |y BK  |k EIE 
952 |0 0  |1 0  |2 ddc  |4 0  |6 621_313000000000000_FRA_2008  |7 0  |8 A  |9 426446  |a BIBING  |b BIBING  |c RES  |d 2019-11-22  |i 4602145  |l 8  |m 2  |o 621.313 FRA 2008  |p 4602145  |r 2025-04-04  |s 2025-03-27  |w 2019-11-22  |y BK  |k EIE 
952 |0 0  |1 0  |2 ddc  |4 0  |6 621_313000000000000_FRA_2008  |7 0  |8 A  |9 426447  |a BIBING  |b BIBING  |c RES  |d 2019-11-22  |i 4897749  |l 2  |m 1  |o 621.313 FRA 2008  |p 4897749  |r 2025-01-20  |s 2024-05-09  |w 2019-11-22  |y BK  |k EIE